| 000 -ლიდერი |
| ფიქსირებული სიგრძის საკონტროლო ველი |
02204nam a2200289Ia 4500 |
| 001 - საკონტროლო ნომერი |
| საკონტროლო ველი |
2537 |
| 003 - საკონტროლო ნომრის იდენტიფიკატორი |
| საკონტროლო ველი |
GE_BSU |
| 005 - ბოლო ოპერაციის თარიღი და დრო |
| საკონტროლო ველი |
20230901164001.0 |
| 008 - ფიქსირებული სიგრძის მონაცემთა ელემენტები - ზოგადი ინფორმაცია |
| ფიქსირებული სიგრძის საკონტროლო ველი |
181216s2008||||ge |||||||||||||| ||geo|| |
| 040 ## - კატალოგიზაციის წყარო |
| Transcribing agency |
GE_BSU |
| 041 ## - ენის კოდი |
| Language code of text/sound track or separate title |
geo |
| 080 ## - უნივერსალური ათობითი კლასიფიკაციის ინდექსი |
| Universal Decimal Classification number |
811.111(038)+811.353.1(038) ი–54 |
| 245 ## - ცნობა სათაურის შესახებ |
| Title |
ინგლისურ-ქართული ლექსიკონი = English-Georgian dictionary. რვეული 13 : |
| Remainder of title |
O / |
| Statement of responsibility, etc |
თბილისის ივ. ჯავახიშვილის სახ. სახელმწ. უნ-ტი ; O ასოს შედგენაზე მუშაობდნენ: ნ. მამაცაშვილი, ნ. ძოწენიძე, ნ. კვერნაძე [და სხვ.] ; მასალა გადაამუშავეს და რედაქცია დაურთეს: თ. მარგალიტაძემ ; პირველადი რედაქცია: ნ. კვერნაძემ, ხ. გურიელმა. |
| 264 ## - წარმოების, გამოცემის, დისტრიბუციის და სხვა ცნობები |
| გამოცემის, წარმოების, დისტრიბუციის... ადგილი |
თბილისი, |
| გამოცემის, წარმოების, დისტრიბუციის... თარიღი |
2008. |
| 300 ## - ფიზიკური აღწერა |
| Extent |
128 გვ.; |
| Other physical details |
28სმ. |
| 653 ## - INDEX TERM--UNCONTROLLED |
| Uncontrolled term |
ინგლისურ–ქართული ლექსიკონი |
| 700 ## - ADDED ENTRY--PERSONAL NAME |
| Personal name |
მამაცაშვილი, ნ. |
| Relator term |
შემდგენელი |
| 9 (RLIN) |
1620 |
| 700 ## - ADDED ENTRY--PERSONAL NAME |
| Personal name |
ძოწენიძე, ნ. |
| Relator term |
შემდგენელი |
| 9 (RLIN) |
16536 |
| 700 ## - ADDED ENTRY--PERSONAL NAME |
| Personal name |
კვერნაძე, ნ. |
| Relator term |
შემდგენელი, რედაქტორი. |
| 9 (RLIN) |
19756 |
| 700 ## - ADDED ENTRY--PERSONAL NAME |
| Personal name |
მარგალიტაძე, თინათინ |
| Relator term |
შემდგენელი, რედაქტორი, გამომცემელი. |
| 9 (RLIN) |
6114 |
| 700 ## - ADDED ENTRY--PERSONAL NAME |
| Personal name |
კურტანიძე, მ. |
| Relator term |
შემდგენელი |
| 9 (RLIN) |
19745 |
| 700 ## - ADDED ENTRY--PERSONAL NAME |
| Personal name |
ანთელავა, გ. |
| Relator term |
შემდგენელი |
| 9 (RLIN) |
19741 |
| 700 ## - ADDED ENTRY--PERSONAL NAME |
| Personal name |
ფარულავა, თ. |
| Relator term |
რედაქტორი, შემდგენელი |
| 9 (RLIN) |
19757 |
| 700 ## - ADDED ENTRY--PERSONAL NAME |
| Personal name |
გურიელი, ხ. |
| Relator term |
რედაქტორი. |
| 9 (RLIN) |
19758 |
| 710 ## - ADDED ENTRY--CORPORATE NAME |
| Corporate name or jurisdiction name as entry element |
თბილისის ივ. ჯავახიშვილის სახ. სახელმწ. უნ-ტი. |
| 9 (RLIN) |
19759 |
| 942 ## - ADDED ENTRY ELEMENTS (KOHA) |
| Koha item type |
წიგნი |
| Source of classification or shelving scheme |
|